000 00699cab a2200241 4500
001 WB3404-06
008 090401t1998 xxu||||| |||| 00| 0 eng d
035 _a(Sirsi) u83360
041 _aeng
245 _aNew airport
260 _c1998
350 _a0
490 _aIndependent
_v24 January 1998, 23(1)
520 _aProperty developer, Wiggins is planning to convert an ex-RAF base at Manston in Kent into an airport for a new cut-price European air service.
650 _aAIRPORT DEVELOPMENT
650 _aAIRPORTS
650 _aKENT
650 _aMANSTON AIRFIELD
650 _aMOD PROPERTY
690 _aBUILDING AND CONSTRUCTION-PROJECTS
942 _n0
948 _c28/01/1998
999 _c52644
_d52644